[Event "Paignton op"]
[Site "Paignton"]
[Date "2004.09.04"]
[Round "1"]
[White "Talbot, Andrew R"]
[Black "Jenks, Chris Bruce"]
[Result "1-0"]
[WhiteElo "2186"]
[BlackElo "2072"]
[PlyCount "49"]
[EventDate "2004.09.11"]
[EventType "swiss"]
[EventRounds "7"]
[EventCountry "ENG"]
[SourceTitle "EXT 2006"]
[Source "ChessBase"]
[SourceDate "2005.11.24"]
[SourceVersion "1"]
[SourceVersionDate "2005.11.24"]
[SourceQuality "1"]

1. d4 Nf6 2. c4 e6 3. Nc3 Bb4 4. Qc2 0-0 5. a3 Bxc3+ 6. Qxc3 d6 7. Bg5 Nbd7 8. f3 e5 9. e3 Re8 10. Ne2 exd4 11. Nxd4 Qe7 12. Nc2 h6 13. Bh4 Ne5 14. 0-0-0 Bf5 15. e4 Bh7 16. Bf2 Bxe4 17. fxe4 Nxe4 18. Qe1 Ng4 19. Be3 Qf6 20. Bd3 Nef2 21. Rf1 Rxe3 22. Nxe3 Re8 23. Nxg4 Qg5+ 24. Qd2 Nxd3+ 25. Kb1 1-0

[Event "Coventry op 1st"]
[Site "Coventry"]
[Date "2004.04.18"]
[Round "4"]
[White "Talbot, Andrew R"]
[Black "Arkell, Keith C"]
[Result "0-1"]
[WhiteElo "2181"]
[BlackElo "2507"]
[PlyCount "91"]
[EventDate "2004.04.16"]
[EventType "swiss"]
[EventRounds "5"]
[EventCountry "ENG"]
[SourceTitle "CBM 099 Extra"]
[Source "ChessBase"]
[SourceDate "2004.05.04"]
[SourceVersion "1"]
[SourceVersionDate "2004.05.04"]
[SourceQuality "1"]

1. d4 Nf6 2. c4 e6 3. Nc3 Bb4 4. Qc2 c5 5. dxc5 Na6 6. a3 Qa5 7. Bd2 Nxc5 8. f3 Bxc3 9. Bxc3 Qa4 10. Qxa4 Nxa4 11. Be5 Ke7 12. b3 Nc5 13. b4 Na4 14. e4 d6 15. Bd4 e5 16. Be3 b6 17. c5 bxc5 18. Bb5 Bd7 19. Bxa4 Bxa4 20. bxc5 d5 21. exd5 Nxd5 22. Bd2 Rab8 23. Ne2 Rb2 24. Nc3 Nxc3 25. Bxc3 Rxg2 26. Bxe5 f6 27. Bd6+ Kf7 28. Kf1 Rc2 29. Re1 Bc6 30. Kg1 Re8 31. Rxe8 Bxe8 32. h3 Bc6 33. Rh2 Rc1+ 34. Kf2 Rc3 35. f4 Rxa3 36. Kg1 Ra1+ 37. Kf2 Ra2+ 38. Kg3 Rxh2 39. Kxh2 a5 40. Bc7 a4 41. Ba5 Ke6 42. Bb4 Kd5 43. Kg3 Kc4 44. Ba3 Kb3 45. Bc1 a3 46. Be3 0-1

[Event "West of England op"]
[Site "Exmouth"]
[Date "2004.04.11"]
[Round "6"]
[White "Hamperl, Fred A"]
[Black "Talbot, Andrew R"]
[Result "1/2-1/2"]
[WhiteElo "1960"]
[BlackElo "1936"]
[PlyCount "72"]
[EventDate "2004.04.09"]
[EventType "swiss"]
[EventRounds "7"]
[EventCountry "ENG"]
[SourceTitle "CBM 103 Extra"]
[Source "ChessBase"]
[SourceDate "2005.01.01"]
[SourceVersion "1"]
[SourceVersionDate "2005.01.01"]
[SourceQuality "1"]

1. e4 c5 2. Nc3 Nc6 3. f4 g6 4. Nf3 Bg7 5. Bc4 e6 6. f5 Nge7 7. fxe6 fxe6 8. d3 0-0 9. 0-0 d5 10. exd5 exd5 11. Bb3 h6 12. Qe1 g5 13. h3 Nd4 14. Nxd4 Rxf1+ 15. Qxf1 Bxd4+ 16. Kh1 Bxc3 17. bxc3 Nf5 18. Qf3 Be6 19. Be3 Qd6 20. Re1 Rf8 21. Bxc5 Ng3+ 22. Kg1 Qxc5+ 23. Qe3 Qxe3+ 24. Rxe3 Kf7 25. Rxg3 Ke7 26. c4 dxc4 27. Bxc4 Bxc4 28. dxc4 Kd6 29. h4 Rf5 30. hxg5 hxg5 31. Rh3 Rf4 32. Rd3+ Kc5 33. Rd5+ Kxc4 34. Rxg5 Kc3 35. Rc5+ Kb2 36. a4 b6 1/2-1/2

[Event "Wales Fishguard op"]
[Site "Wales"]
[Date "2004.??.??"]
[Round "3"]
[White "Talbot, Andrew R"]
[Black "Williams, Arthur Howard"]
[Result "1-0"]
[WhiteElo "2185"]
[BlackElo "2250"]
[PlyCount "97"]
[EventDate "2004.??.??"]
[EventType "swiss"]
[EventRounds "5"]
[EventCountry "WLS"]
[SourceTitle "EXT 2007"]
[Source "ChessBase"]
[SourceDate "2006.11.23"]
[SourceVersion "1"]
[SourceVersionDate "2006.11.23"]
[SourceQuality "1"]

1. d4 Nf6 2. c4 e6 3. Nc3 Bb4 4. Qc2 c5 5. dxc5 0-0 6. a3 Bxc5 7. Nf3 Nc6 8. Bf4 b6 9. Rd1 Bb7 10. e4 Rc8 11. Be2 Ng4 12. Bg3 f6 13. 0-0 Nge5 14. Nxe5 fxe5 15. Nb5 Nd4 16. Nxd4 Bxd4 17. Rxd4 exd4 18. Rd1 e5 19. Bxe5 Qe7 20. Bxd4 Bxe4 21. Qd2 Rce8 22. Be3 Qf6 23. b4 Qg6 24. Bf1 Bc2 25. Rc1 Bf5 26. c5 Rc8 27. Bd4 Be4 28. Rc3 Rf7 29. Rg3 Qe6 30. Qc3 Bg6 31. Re3 Qf5 32. Re5 Qb1 33. Re1 Qf5 34. Bc4 d5 35. cxd6 Kf8 36. Qe3 Rd7 37. Be6 Re8 38. Bxf5 Rxe3 39. Bxe3 Bxf5 40. Bg5 Kf7 41. Be7 Rb7 42. Re5 Bd7 43. Bd8 Be6 44. Bc7 Kf6 45. Re1 Kf7 46. f3 a6 47. Kf2 b5 48. Ke3 Ra7 49. Kd4 1-0